| Tag |
First Indicator |
Second Indicator |
Subfields |
| LEADER |
00000cam a2200000 a 4500 |
| 001 |
in00004486821 |
| 005 |
20191203081232.0 |
| 008 |
961009s1995 enka b 101 0 eng d |
| 020 |
|
|
|a 1899772006
|
| 035 |
|
|
|a (OCoLC)35705030
|
| 035 |
|
|
|9 AAG7696MS
|
| 035 |
|
|
|z (UtOrBLW)21918
|
| 035 |
|
|
|a 34982
|
| 040 |
|
|
|a CUX
|c CUX
|d UtOrBLW
|
| 049 |
|
|
|a TMVM
|c 1
|
| 096 |
|
|
|a SF 956
|b I61 1994p
|
| 111 |
2 |
|
|a International Conference of Racing Analysts and Veterinarians
|n (10th :
|d 1994 :
|c Stockholm, Sweden)
|
| 245 |
1 |
0 |
|a Proceedings of the 10th International Conference of Racing Analysts and Veterinarians :
|b Stockholm, Sweden, 1994 /
|c editors, P. Kallings, U. Bondesson, and E. Houghton.
|
| 264 |
|
1 |
|a Suffolk, [England] :
|b R & W Publications,
|c 1995.
|
| 300 |
|
|
|a xx, 380 pages :
|b illustrations ;
|c 26 cm.
|
| 336 |
|
|
|a text
|2 rdacontent
|b txt
|
| 337 |
|
|
|a unmediated
|2 rdamedia
|
| 338 |
|
|
|a volume
|2 rdacarrier
|b nc
|
| 504 |
|
|
|a Includes bibliographical references and indexes.
|
| 505 |
0 |
|
|a Pain and pain relief -- Stimulants -- Effects of drugs on performance -- Drug dispostion -- Mass spectronomy - analyst session -- Cardiorespiratory problems in the racehorse - veterinary session -- Steroids -- Metabolism and analysis - analyst session -- Racing injuries - veterinary session -- Doping control in dogs -- Thresholds -- Chain of custody -- Posters
|
| 650 |
|
2 |
|a Dogs
|v Congresses.
|
| 650 |
|
2 |
|a Doping in Sports
|v Congresses.
|
| 650 |
|
2 |
|a Horses
|v Congresses.
|
| 650 |
|
2 |
|a Athletic Injuries
|x veterinary
|v Congresses.
|
| 700 |
1 |
|
|a Kallings, Peter.
|
| 700 |
1 |
|
|a Bondesson, U.
|
| 700 |
1 |
|
|a Houghton, E.
|
| 940 |
|
|
|a ACDE evaluation: Keep all per selector (ec); vet. med.; 05/97/eb.
|
| 948 |
|
|
|a ACDE evaluation: Keep all per selector (ec); vet. med.; 05/97/eb.
|
| 999 |
|
|
|a MARS
|
| 999 |
f |
f |
|s 15627e39-d8c5-3d16-a260-5fb6cf1de5b3
|i 4a95e811-a9de-3a2a-81d6-e8a678ab26a2
|t 0
|
| 952 |
f |
f |
|p preservation
|a Texas A&M University
|b J.J. Pickle Campus
|c High Density Repository
|d Remote Storage
|t 0
|e SF 956 I61 1994p
|h National Library of Medicine classification
|i unmediated -- volume
|m 3238901229736
|
| 998 |
f |
f |
|a SF 956 I61 1994p
|t 0
|l Remote Storage
|